| 000 | 00363nam a2200145Ia 4500 | ||
|---|---|---|---|
| 008 | 220216s9999 xx 000 0 und d | ||
| 100 | _aSong KM | ||
| 245 | 0 | _aBrassica taxonomy based on nuclear RFLP | |
| 260 |
_bTheoretical and Applied Genetics _c1988 |
||
| 300 | _a593-600 | ||
| 650 | _aRFLP | ||
| 700 | _aOsborn T C | ||
| 700 | _aWilliams P H | ||
| 942 | _cJS | ||
| 999 |
_c54921 _d54921 |
||